[Event "Titled Tue 10th Jun Early"]
[Site "chess.com INT"]
[Date "2025.06.10"]
[Round "9"]
[White "Vu Quang Quyen"]
[Black "Ejsymont, Blanka"]
[Result "1/2-1/2"]
[WhiteTitle "CM"]
[BlackTitle "WCM"]
[WhiteElo "2026"]
[BlackElo "1984"]
[WhiteFideId "12402168"]
[BlackFideId "21088268"]
[EventDate "2025.06.10"]

1. e4 c5 2. Nf3 Nc6 3. c3 e5 4. Bc4 d6 5. O-O Be7 6. h3 Nf6 7. Re1 O-O 8. d4
cxd4 9. cxd4 a6 10. Nc3 b5 11. Bd5 Nxd5 12. Nxd5 Be6 13. Nxe7+ Nxe7 14. dxe5
dxe5 15. Nxe5 Qc7 16. Bf4 Rad8 17. Qf3 Qa5 18. a3 Rc8 19. Rac1 Ng6 20. Nxg6 hxg6
21. Bd6 Rfd8 22. e5 Qd2 23. Rb1 Bf5 24. Re2 Qd3 25. Rbe1 Qxf3 26. gxf3 Bxh3 27.
Kh2 Be6 28. Kg3 Bf5 29. Rd2 Rc4 30. Red1 Rdc8 31. Bb4 Rc2 32. Bc3 Rxd2 33. Rxd2
Kf8 34. Rd6 Ra8 35. Bb4 Kg8 36. Kf4 a5 37. Bc5 b4 38. axb4 axb4 39. Bxb4 Ra4 40.
Rd4 Ra1 41. Rd8+ Kh7 42. Bc3 Ra4+ 43. Ke3 Ra1 44. b4 Rc1 45. Bd2 Rb1 46. Kd4 Rd1
47. Kc5 Rb1 48. b5 Be6 49. b6 Rb2 50. Be3 Rc2+ 51. Kd6 Rb2 52. Kc6 Rc2+ 53. Bc5
Rb2 54. b7 Bc4 55. b8=Q Rxb8 56. Rxb8 Be2 57. f4 Bf3+ 58. Kd7 Bg4+ 59. Ke7 Be6
60. Be3 Bf5 61. Kxf7 Bg4 62. Rg8 Bf5 63. Rxg7+ Kh6 64. Rxg6+ Bxg6+ 65. Kf6 Be4
66. f5+ Kh7 67. e6 Kg8 1/2-1/2

[Event "Titled Tue 10th Jun Early"]
[Site "chess.com INT"]
[Date "2025.06.10"]
[Round "9"]
[White "Alonso Rosell, Alvar"]
[Black "Sargsyan, Shant"]
[Result "0-1"]
[WhiteTitle "GM"]
[BlackTitle "GM"]
[WhiteElo "2536"]
[BlackElo "2669"]
[WhiteFideId "2270544"]
[BlackFideId "13306766"]
[EventDate "2025.06.10"]

1. d4 g6 2. c4 Nf6 3. Nf3 Bg7 4. g3 O-O 5. Bg2 d6 6. Nc3 Nbd7 7. O-O e5 8. Qc2
Re8 9. Rd1 c6 10. e4 a5 11. h3 exd4 12. Nxd4 Nc5 13. Be3 Qe7 14. Re1 Nfd7 15.
Rad1 a4 16. f4 h5 17. Bf2 Nb6 18. b3 axb3 19. axb3 Nbd7 20. b4 Na6 21. Qb1 Nab8
22. Qb3 Nf8 23. Nf3 Nbd7 24. Na4 Ne6 25. Kh2 Nf6 26. Nb6 Ra6 27. b5 Ra5 28. Qd3
Ra2 29. Re2 Rxe2 30. Qxe2 Nf8 31. e5 dxe5 32. Nxe5 cxb5 33. Nxc8 Rxc8 34. cxb5
h4 35. Qf3 Rc2 36. gxh4 Nh5 37. Kg1 Nxf4 38. Qxf4 Bxe5 39. Qe4 Rb2 40. Qxb7 Qe6
41. Qd5 Qf5 42. Rf1 Rxb5 43. Qf3 Qe6 44. h5 Rb3 45. Qg4 f5 46. Qd1 Rb5 47. hxg6
Qxg6 48. Qd3 Ra5 49. Be1 Ra1 50. Qd5+ Qe6 51. Qxe6+ Nxe6 52. Bd5 Kf7 53. Rxf5+
Bf6 54. Rf1 Rd1 55. Bb3 Rb1 56. Bd5 Rd1 57. Ba2 Ra1 58. Bxe6+ Kxe6 59. Rxf6+
Kxf6 60. Kf2 Kf5 61. Bc3 Ra3 62. Bd2 Rxh3 63. Kg2 Ra3 64. Bb4 Rb3 65. Bd6 Rd3
66. Bh2 Kg4 67. Kh1 Kf3 68. Bg1 Rd2 69. Bh2 Kf2 70. Bf4 Rd4 71. Be5 Rd1+ 72. Kh2
Rd5 73. Bg3+ Kf3 74. Kh3 Rh5+ 75. Bh4 Rh8 76. Kh2 Rxh4+ 77. Kg1 Rh5 78. Kf1 Rh1# 0-1

[Event "Titled Tue 10th Jun Early"]
[Site "chess.com INT"]
[Date "2025.06.10"]
[Round "9"]
[White "Cahaya, Satria Duta"]
[Black "Ashraf, Artin"]
[Result "0-1"]
[WhiteTitle "FM"]
[BlackTitle "FM"]
[WhiteElo "2386"]
[BlackElo "2407"]
[WhiteFideId "7124252"]
[BlackFideId "22514805"]
[EventDate "2025.06.10"]

1. e4 c5 2. Nf3 a6 3. c3 e6 4. d4 d5 5. exd5 exd5 6. dxc5 Bxc5 7. Bd3 Nc6 8. O-O
Nge7 9. Nbd2 O-O 10. Nb3 Bd6 11. Nbd4 h6 12. h3 Bc7 13. Re1 Qd6 14. Ne2 Qf6 15.
Ng3 Bxg3 16. fxg3 Bf5 17. Bf1 Be4 18. Be3 Rfe8 19. Bf2 Ng6 20. Nd2 Rad8 21. Qb3
Rd7 22. Rad1 Rde7 23. Bc5 Rc7 24. Qb6 Rcc8 25. Qxb7 Rb8 26. Qxa6 Rxb2 27. Nxe4
dxe4 28. Rd6 Qxc3 29. Qxc6 Re5 30. Bf2 e3 31. Rxe3 Rxe3 32. Qxc3 Rxc3 33. Bd4
Rd2 34. Bxc3 Rxd6 35. a4 Rc6 36. Bd4 Rc1 37. a5 Ne7 38. a6 Nc6 39. Be3 Ra1 40.
Kf2 Nb4 41. Bd4 Ra2+ 42. Kf3 Nxa6 43. g4 Nc7 44. Be5 Ne6 45. Bc4 Ra3+ 46. Kf2
Ng5 47. Be2 Ne4+ 48. Kg1 Re3 49. Bf1 Nd2 50. Bf4 Nxf1 51. Kxf1 Re6 52. Kf2 Rc6
53. Kf3 Rc2 54. Be3 f6 55. Bd4 Kf7 56. Be3 Ke6 57. g3 Ke5 58. Bf4+ Kd5 59. Be3
Rc3 60. Kf4 Rb3 61. Bd2 g5+ 62. Kf5 Rxg3 63. Kxf6 Rxh3 64. Kf5 Kd6 65. Bb4+ Kd7
66. Kg6 Ke8 67. Bc5 Rh4 68. Kf5 Kf7 69. Bd4 Rh1 70. Be3 Rf1+ 71. Ke5 Kg6 72. Ke4
Kf6 73. Bd4+ Ke6 74. Bg7 Rf4+ 75. Ke3 Rxg4 76. Bxh6 Kf7 77. Kf3 Rf4+ 78. Kg2 Kg6 0-1

[Event "Titled Tue 10th Jun Early"]
[Site "chess.com INT"]
[Date "2025.06.10"]
[Round "9"]
[White "Galchenko, Matvey"]
[Black "Harshavardhan, G B"]
[Result "1/2-1/2"]
[WhiteTitle "IM"]
[BlackTitle "IM"]
[WhiteElo "2435"]
[BlackElo "2472"]
[WhiteFideId "24175480"]
[BlackFideId "25059009"]
[EventDate "2025.06.10"]

1. f4 d5 2. Nf3 g6 3. g3 Bg7 4. Bg2 c5 5. O-O Nc6 6. d3 Nf6 7. Nc3 d4 8. Na4 Qd6
9. c4 O-O 10. a3 b6 11. Rb1 Rb8 12. Bd2 Bb7 13. b4 Ba8 14. Qc2 Ng4 15. bxc5 bxc5
16. Rb5 Ne3 17. Bxe3 dxe3 18. Nxc5 f5 19. Rfb1 Nd4 20. Nxd4 Bxd4 21. Bxa8 Rxa8
22. Nb3 Bg7 23. c5 Qd5 24. Na5 a6 25. Rb7 Rac8 26. Qc4 Rxc5 27. Qxd5+ Rxd5 28.
Nc4 Bf6 29. R1b6 Ra8 30. Kg2 h5 31. Kf3 h4 32. Nxe3 Rc5 33. g4 Kf7 34. g5 Bg7
35. Nc4 Bd4 36. Nd6+ Kf8 37. Nc4 Kf7 38. Rb4 Bg7 39. e3 Rd8 40. Rb3 Rcd5 41. d4
R8d7 42. Rxd7 Rxd7 43. Rb6 Rc7 44. Ne5+ Bxe5 45. fxe5 a5 46. Ra6 Rc2 47. Rxa5
Rxh2 48. Ra7 Ke6 49. Ra6+ Kf7 50. d5 Rd2 51. d6 h3 52. dxe7 h2 53. e8=Q+ Kxe8
54. Ra8+ Ke7 55. Rh8 Ke6 56. a4 Kxe5 57. a5 Ra2 58. a6 Rxa6 59. Rxh2 Ra3 60. Rh8
Ra1 61. Re8+ Kd5 62. Rg8 Ra6 63. Kf4 Ra4+ 64. Kf3 Ra6 65. Rf8 Ke5 66. Re8+ Re6
67. Rf8 Kd5 68. Rd8+ Ke5 69. Ra8 Rd6 70. Re8+ Re6 71. Rf8 Kd5 72. Rf7 Ke5 73.
Rd7 Rd6 74. Ra7 Re6 75. Ra5+ Kd6 76. Rb5 Kc6 77. Ra5 Kd6 78. Ra4 Ke5 79. e4
fxe4+ 80. Rxe4+ Kf5 81. Rxe6 Kxe6 82. Ke4 Kd6 83. Kd4 Ke6 84. Ke4 Kd6 85. Kd4
Ke6 86. Ke4 1/2-1/2

[Event "Titled Tue 10th Jun Early"]
[Site "chess.com INT"]
[Date "2025.06.10"]
[Round "9"]
[White "Punin, Andrii"]
[Black "Dziththauly Ramadhan"]
[Result "1-0"]
[WhiteTitle "FM"]
[BlackTitle "CM"]
[WhiteElo "2289"]
[BlackElo "2171"]
[WhiteFideId "14112639"]
[BlackFideId "7105525"]
[EventDate "2025.06.10"]

1. e4 c5 2. Be2 d6 3. f4 g6 4. Nf3 Bg7 5. c3 Nf6 6. O-O O-O 7. d3 Nc6 8. Kh1 b5
9. a3 Bb7 10. Be3 Qc7 11. Nbd2 e5 12. fxe5 Nxe5 13. Nxe5 dxe5 14. c4 a6 15. Rc1
b4 16. axb4 cxb4 17. c5 Rad8 18. Qa4 Bc6 19. Qxa6 Qd7 20. Bg5 Ra8 21. Qc4 Ne8
22. Qxb4 h6 23. Be3 Nc7 24. Nc4 Rab8 25. Qd2 Kh7 26. b4 Nb5 27. Ra1 f5 28. exf5
gxf5 29. Bf3 e4 30. dxe4 Qxd2 31. Nxd2 Bxa1 32. Rxa1 fxe4 33. Bg4 Rbd8 34. Nc4
Rd3 35. Bg1 Bd5 36. Ne5 Rd2 37. Nd7 Rf7 38. Bh3 e3 39. Bxe3 Ra2 40. Rxa2 Rf1+
41. Bg1 Bxa2 42. g3 Bd5+ 43. Bg2 Rd1 44. Nf6+ Kg6 45. Nxd5 Kf7 46. Nf4 Nc3 47.
h3 Rb1 48. c6 Nb5 49. Kh2 Rxb4 50. Bc5 Rb2 51. h4 Nc7 52. Kh3 Rc2 53. Bd6 Nb5
54. Bd5+ Kf6 55. Bb8 Nc3 56. Bg2 Nb5 57. c7 Nd6 58. Nd5+ Ke5 59. Ne7 Rc3 60.
Nc6+ Ke6 61. Kh2 Kd7 62. Ne5+ Kc8 63. Bh3+ Kb7 64. Bg2+ Kc8 65. Nc6 Nf5 66. Bh3
Rxc6 67. Bxf5+ Kb7 68. c8=Q+ Rxc8 69. Bxc8+ Kxb8 70. Bf5 Kc7 71. h5 Kd6 72. Bg6
Ke5 73. Kh3 Kf6 74. Kg4 Kg7 75. Kf5 Kg8 76. Kf6 Kf8 77. Bf5 Kg8 78. Kg6 Kh8 79.
Kxh6 Kg8 80. g4 Kh8 81. g5 Kg8 82. g6 Kh8 83. Kg5 1-0

[Event "Titled Tue 10th Jun Early"]
[Site "chess.com INT"]
[Date "2025.06.10"]
[Round "9"]
[White "Dambaev, Dashi"]
[Black "Ghoreishi Amiri, Seyed Kian"]
[Result "1-0"]
[WhiteTitle "CM"]
[BlackTitle "CM"]
[WhiteElo "2211"]
[BlackElo "2216"]
[WhiteFideId "55628494"]
[BlackFideId "36757527"]
[EventDate "2025.06.10"]

1. d4 Nf6 2. c4 e6 3. Nf3 d5 4. Nc3 Bb4 5. Qa4+ Nc6 6. e3 O-O 7. Bd2 Bd7 8. Qc2
Ne7 9. a3 Bxc3 10. Bxc3 c6 11. Bd3 dxc4 12. Bxc4 Ned5 13. O-O Nxc3 14. bxc3 Qa5
15. Qb2 Rab8 16. Qb4 Qc7 17. a4 a5 18. Qc5 Ne4 19. Qe5 Qxe5 20. Nxe5 Bc8 21.
Rfc1 f6 22. Nd3 b5 23. Ba2 bxa4 24. f3 Nd2 25. Nc5 Nb3 26. Bxb3 axb3 27. Rxa5 e5
28. Rb1 b2 29. Ra2 Bf5 30. e4 Bg6 31. Raxb2 Rxb2 32. Rxb2 Rd8 33. Rb4 Bf7 34.
Kf2 Ra8 35. dxe5 fxe5 36. Kg3 h6 37. Nd7 Re8 38. Rb6 Re6 39. Rb8+ Be8 40. Nc5
Re7 41. Ra8 Kf7 42. h4 Rc7 43. Nd3 Re7 44. Rc8 Ke6 45. Rd8 Kf7 46. Kf2 Kf6 47.
Ke3 Bd7 48. Nc5 Be8 49. g3 g6 50. f4 exf4+ 51. gxf4 Bf7 52. Rd6+ Kg7 53. Rxc6
Ra7 54. Kd4 Ra1 55. Rc7 Kf8 56. Ke5 Rd1 57. Rd7 Rb1 58. Ne6+ Ke8 59. Ra7 Rb6 60.
Nd4 Bc4 61. f5 gxf5 62. Nxf5 Kf8 63. Nd6 Bb3 64. c4 Rc6 65. Ra5 Ke7 66. c5 Rc7
67. Nf5+ Kd7 68. Nxh6 Kc6 69. Nf5 Rh7 70. Nd4+ Kb7 71. Nxb3 Rxh4 72. Nd4 Rh5+
73. Nf5 Rh8 74. Rb5+ Kc6 75. Ra5 Re8+ 76. Kd4 Rd8+ 77. Kc4 Rh8 78. Nd6 Rh4 79.
Ra6+ Kc7 80. Kd5 Rh5+ 81. e5 Rh1 82. Ra7+ Kd8 83. Nf7+ Kc8 84. Kc6 Kb8 85. Rb7+
Ka8 86. Re7 Ra1 87. e6 Ra6+ 88. Kd5 Ra1 89. Nd6 Rd1+ 90. Kc6 Rb1 91. Re8+ Ka7
92. e7 Rb2 93. Nb5+ Rxb5 94. Kxb5 Kb7 95. Rh8 Ka7 96. e8=Q Kb7 97. Qb8# 1-0

[Event "Titled Tue 10th Jun Early"]
[Site "chess.com INT"]
[Date "2025.06.10"]
[Round "9"]
[White "Topalov, Aleksandar"]
[Black "Fernandes, Rogerio Paulo Muller"]
[Result "1-0"]
[WhiteTitle "CM"]
[WhiteElo "2233"]
[BlackElo "2241"]
[WhiteFideId "925659"]
[BlackFideId "2101599"]
[EventDate "2025.06.10"]

1. b3 Nf6 2. Bb2 e6 3. Nf3 Be7 4. e3 O-O 5. d4 c5 6. Nbd2 Nc6 7. Bd3 b6 8. a3
Bb7 9. O-O cxd4 10. exd4 Rc8 11. c4 d5 12. Re1 dxc4 13. bxc4 Na5 14. Ne5 Nc6 15.
Ndf3 Qc7 16. Qe2 Rfd8 17. Nxf7 Kxf7 18. Qxe6+ Kf8 19. Ng5 Bd6 20. d5 Re8 21. Qf5
Bxh2+ 22. Kh1 Be5 23. Bxe5 Rxe5 24. Ne6+ Kg8 25. Nxc7 Rxf5 26. dxc6 Rh5+ 27. Kg1
Bxc6 28. Ne6 Bd7 29. Nf4 Rhc5 30. Re7 R8c7 31. Rae1 Kf8 32. f3 g5 33. Ne6+ Bxe6
34. R7xe6 R5c6 35. R6e5 h6 36. Kf2 Kg7 37. Re7+ Rxe7 38. Rxe7+ Kf8 39. Rxa7 Rd6
40. Ke3 Nd7 41. Be4 Nf6 42. Bg6 Nd7 43. Bf5 Nc5 44. a4 Rf6 45. Bc2 Re6+ 46. Kd2
Rd6+ 47. Kc3 Re6 48. a5 bxa5 49. Rxa5 Rc6 50. Ra7 Ne6 51. g3 h5 52. Bf5 Ng7 53.
Bd7 Rd6 54. c5 Rd1 55. Kc2 Rd5 56. c6 h4 57. gxh4 gxh4 58. c7 Rc5+ 59. Kd3 Ke7
60. c8=Q Rxc8 61. Bxc8+ Kf6 62. Ke3 Nh5 63. Bg4 Ng3 64. Ra6+ Kg5 65. Ra5+ Kg6
66. Kf2 Nh1+ 67. Kg2 Ng3 68. Kh3 Ne2 69. Kxh4 Nd4 70. Ra6+ Kg7 71. f4 Nc2 72. f5
Ne3 73. f6+ Kf7 74. Bh5+ Kf8 75. f7 Nf5+ 76. Kg5 Ng7 77. Kg6 Nxh5 78. Ra8+ Ke7
79. f8=Q+ Ke6 80. Re8+ Kd5 81. Qf5+ Kd4 82. Qe4+ Kc5 83. Rc8+ Kd6 84. Rd8+ Kc7
85. Qe7+ Kc6 86. Rd6+ Kc5 87. Qe5+ Kc4 88. Rd4+ Kc3 89. Qe3+ Kc2 90. Rd2+ Kc1
91. Qe1# 1-0

[Event "Titled Tue 10th Jun Early"]
[Site "chess.com INT"]
[Date "2025.06.10"]
[Round "9"]
[White "Lazavik, Denis"]
[Black "Tang, Andrew"]
[Result "0-1"]
[WhiteTitle "GM"]
[BlackTitle "GM"]
[WhiteElo "2580"]
[BlackElo "2529"]
[WhiteFideId "13515110"]
[BlackFideId "2059630"]
[EventDate "2025.06.10"]

1. d4 d5 2. c4 e6 3. Nf3 Nf6 4. g3 dxc4 5. Bg2 Nc6 6. Qa4 Bd6 7. Nbd2 O-O 8. O-O
a6 9. Qxc4 e5 10. dxe5 Nxe5 11. Nxe5 Bxe5 12. Qc2 Qe7 13. Nc4 Bd4 14. Bf4 Bc5
15. Rad1 c6 16. Nd6 Ba7 17. Nxc8 Rfxc8 18. Rd3 Re8 19. e3 Rad8 20. Rfd1 h6 21.
h4 Rxd3 22. Qxd3 Bb6 23. Qb3 Bc5 24. Qd3 Nh5 25. Bd6 Bxd6 26. Qxd6 Qxd6 27. Rxd6
Nf6 28. Bf3 Kf8 29. Rd4 Re5 30. Kf1 Ke7 31. Ke2 g5 32. hxg5 hxg5 33. Kd2 a5 34.
a3 Nd7 35. Bg2 Nc5 36. Ke2 Ne6 37. Rd2 f5 38. Kd1 f4 39. exf4 gxf4 40. Re2 Kf6
41. Kd2 Rb5 42. Kc1 fxg3 43. fxg3 Nd4 44. Rf2+ Ke5 45. g4 Rb3 46. Bf1 Rg3 47.
Rg2 Re3 48. Kd2 Kf4 49. g5 Nf3+ 50. Kd1 Nxg5 51. Be2 Ne4 52. Rh2 Ke5 53. Rh5+
Kd4 54. Rh4 Kc5 55. Rh5+ Kb6 56. Rh7 Nd6 57. Kd2 Re5 58. Bd3 Rd5 59. Kc3 Nc8 60.
Rh6 Rg5 61. Rh7 Nd6 62. Rh6 Nf7 63. Rf6 Ne5 64. Re6 Kc5 65. Re8 Kd6 66. Be4 Rg3+
67. Kc2 Nc4 68. a4 Rh3 69. b3 Ne5 70. Rd8+ Kc7 71. Re8 Kd6 72. Rd8+ Kc5 73. Rb8
Kb6 74. Re8 Ng4 75. Kb2 Nf2 76. Bc2 Ng4 77. Bf5 Rh2+ 78. Ka3 Nf6 79. Bb1 Nd5 80.
Re1 Nc3 81. Rc1 Nd5 82. Rc2 Rh1 83. Kb2 Nb4 84. Rg2 Rh3 85. Be4 Re3 86. Bb1 Na6
87. Bc2 Nc5 88. Rh2 Ne6 89. Rd2 Kc5 90. Rh2 Nd4 91. Rh5+ Kb4 92. Rh4 c5 93. Rh7
b5 94. Rh2 bxa4 95. bxa4 c4 96. Rh4 c3+ 97. Kc1 Re1+ 98. Bd1 Kc4 99. Rh8 c2 100.
Rc8+ Kd3 0-1

[Event "Titled Tue 10th Jun Early"]
[Site "chess.com INT"]
[Date "2025.06.10"]
[Round "9"]
[White "Shubenkova, Veronika"]
[Black "Dominguez, Ramiro"]
[Result "1-0"]
[WhiteTitle "WFM"]
[BlackTitle "FM"]
[WhiteElo "2031"]
[BlackElo "2210"]
[WhiteFideId "44124040"]
[BlackFideId "4420055"]
[EventDate "2025.06.10"]

1. d4 Nf6 2. e3 d5 3. f4 Bf5 4. Nf3 Nbd7 5. Bd3 Ne4 6. Nbd2 Ndf6 7. O-O e6 8.
Qe2 Bd6 9. Bxe4 Nxe4 10. Nxe4 Bxe4 11. Qb5+ Qd7 12. Qxb7 O-O 13. Rf2 a5 14. Qb3
Rfb8 15. Qc3 Bb4 16. Ne5 Qc8 17. Qc6 f6 18. Nd7 Kf7 19. Nxb8 Rxb8 20. c3 Bd6 21.
Qa4 Qa6 22. Qd7+ Be7 23. b3 c6 24. Bb2 Rb7 25. Qc8 Qb6 26. f5 exf5 27. c4 Rb8
28. c5 Qb5 29. Qc7 a4 30. h3 Rb7 31. bxa4 Qxb2 32. Rxb2 Rxc7 33. Rb6 Bd3 34. a5
Bc4 35. a4 Bd8 36. Rab1 Ke6 37. a6 Kd7 38. a5 Bb5 39. g4 fxg4 40. hxg4 Ra7 41.
Rb7+ Rxb7 42. axb7 Kc7 43. a6 Kb8 44. Ra1 Ka7 45. Kf2 Bc7 46. Kf3 Bxa6 47. g5
Kxb7 48. gxf6 gxf6 49. e4 dxe4+ 50. Kxe4 Bc4 51. Rb1+ Kc8 52. Rg1 Bd5+ 53. Kf5
Bc4 54. Kxf6 Bd3 55. Rg7 Bd8+ 56. Ke6 Bg6 57. Kd6 Be4 58. Rg8 h5 59. Rh8 h4 60.
Ke5 Bg2 61. Rh6 h3 62. Rh8 Kd7 63. Rh7+ Ke8 64. Rh8+ Ke7 65. Rh7+ Ke8 66. Ke6
Bf6 67. Kxf6 Kd8 68. Ke6 Kc8 69. Kd6 Kb8 70. Rh6 Kc8 71. Ke5 Kd8 72. Kf4 Ke7 73.
Kg3 Kd7 74. Kh2 Ke7 75. Rg6 Kd7 76. Rxg2 hxg2 77. Kxg2 Ke6 78. Kf3 Kf6 79. Ke3
Ke6 80. Ke4 Kf6 81. d5 cxd5+ 82. Kxd5 Ke7 83. Kc6 Kd8 84. Kb7 1-0

[Event "Titled Tue 10th Jun Early"]
[Site "chess.com INT"]
[Date "2025.06.10"]
[Round "9"]
[White "Vifleemskaia, Svetlana"]
[Black "Arias Gaviria, Mario Alexis"]
[Result "1/2-1/2"]
[WhiteTitle "WFM"]
[BlackTitle "FM"]
[WhiteElo "1942"]
[BlackElo "2298"]
[WhiteFideId "4129490"]
[BlackFideId "3800660"]
[EventDate "2025.06.10"]

1. d4 Nf6 2. c4 g6 3. Nc3 Bg7 4. e4 d6 5. Nge2 O-O 6. Ng3 c5 7. d5 e6 8. Be2
exd5 9. cxd5 Re8 10. O-O Na6 11. Bf4 h5 12. Bg5 Qb6 13. Qd2 Bg4 14. Bb5 Bd7 15.
a4 Bxb5 16. axb5 Nb4 17. Rac1 Nd7 18. Kh1 Ne5 19. f4 Ned3 20. Rcd1 c4 21. e5
dxe5 22. f5 gxf5 23. Rxf5 Qg6 24. Rdf1 Rf8 25. Nge4 Kh8 26. h4 a6 27. bxa6 Rxa6
28. d6 Nc6 29. Nd5 Nd4 30. Ne7 Qe6 31. Qd1 Nxf5 32. Nxf5 Qg6 33. Be7 Raa8 34.
Qf3 Nf4 35. g3 Qxf5 36. gxf4 exf4 37. Qxf4 Qxf4 38. Rxf4 Rfe8 39. Ng5 Kg8 40.
Nxf7 Bxb2 41. Ng5 Be5 42. Rxc4 b5 43. Rc5 b4 44. Rxe5 b3 45. Re2 Ra2 46. Re3 b2
47. Rb3 Ra1+ 48. Kg2 b1=Q 49. Rxb1 Rxb1 50. d7 Rbb8 51. dxe8=Q+ Rxe8 52. Bf6 Ra8
53. Be5 Ra4 54. Kg3 Rg4+ 55. Kh3 Ra4 56. Kg3 Kf8 57. Bf4 Kg7 58. Nf3 Ra3 59.
Be5+ Kg6 60. Kf4 Ra4+ 61. Nd4 Rb4 62. Ke4 Ra4 63. Kf4 Ra1 64. Ke4 Rh1 65. Bg3
Rg1 66. Kf4 Ra1 67. Ke4 Ra4 68. Ke5 Ra3 69. Kf4 Rd3 70. Nf5 Ra3 71. Ne3 Ra4+ 72.
Kf3 Kf6 73. Bf4 Ra1 74. Bg5+ Kg6 75. Kf4 Ra4+ 76. Kf3 Ra8 77. Kf4 Rf8+ 78. Kg3
Ra8 79. Kf3 Ra4 80. Kg3 Re4 81. Kf3 Re8 82. Kf4 Rf8+ 83. Kg3 Re8 84. Kf3 Rc8 85.
Kf4 Rc3 86. Kf3 Ra3 87. Ke4 Ra4+ 88. Kf3 Kf7 89. Kg3 Ra3 90. Kf3 Ra4 91. Kg3 Ke6
92. Kf3 Ke5 93. Kg3 Ke4 94. Ng2 Ra3+ 95. Be3 Rb3 96. Kf2 Ra3 97. Kg3 Ra8 98. Kf2
Rf8+ 99. Bf4 Rg8 100. Bg3 Rf8+ 101. Bf4 Rf7 1/2-1/2

[Event "Titled Tue 10th Jun Early"]
[Site "chess.com INT"]
[Date "2025.06.10"]
[Round "9"]
[White "Ugorek, Kacper"]
[Black "Kiremitciyan, Ari"]
[Result "1/2-1/2"]
[WhiteTitle "CM"]
[BlackTitle "FM"]
[WhiteElo "2262"]
[BlackElo "2271"]
[WhiteFideId "21890676"]
[BlackFideId "6373445"]
[EventDate "2025.06.10"]

1. f4 d5 2. b3 g6 3. Bb2 Nf6 4. Nf3 Bg7 5. g3 O-O 6. Bg2 c5 7. O-O b6 8. e3 Bb7
9. Qe2 Nbd7 10. d3 Qc7 11. Nbd2 Ng4 12. Bxg7 Kxg7 13. h3 Ngf6 14. a4 e5 15. Rae1
Rae8 16. fxe5 Nxe5 17. Qf2 Nfg4 18. Qe2 Nxf3+ 19. Qxf3 Ne5 20. Qf6+ Kg8 21. e4
d4 22. Kh2 Re6 23. Qf4 Qe7 24. Nf3 Nxf3+ 25. Rxf3 f6 26. Rf2 Re5 27. Ref1 Kg7
28. h4 Bc8 29. Bh3 Bxh3 30. Kxh3 h5 31. Kg2 Qe6 32. Qd2 a6 33. Rf4 Rf7 34. Qf2
b5 35. axb5 axb5 36. Ra1 Qd6 37. Ra5 Qb6 38. Ra8 c4 39. bxc4 bxc4 40. Kh2 cxd3
41. cxd3 Rb5 42. Ra2 Rb7 43. Rc2 Rb2 44. Rxb2 Qxb2 45. Rxf6 Qxf2+ 46. Rxf2 Rb3
47. Rd2 Kf6 48. g4 Ke5 49. Kg3 Rb1 50. gxh5 gxh5 51. Kf3 Rh1 52. Rg2 Rh3+ 53.
Ke2 Rxh4 54. Rg5+ Kf4 55. Rg2 Rh3 56. Kd2 h4 57. Ke2 Rg3 58. Rf2+ Ke5 59. Rf5+
Ke6 60. Rh5 h3 61. Rd5 Rg2+ 62. Kf3 Rd2 63. Rh5 h2 64. Kf4 Rxd3 65. Rxh2 Rd1 66.
Rh6+ Ke7 67. Ke5 d3 68. Rh7+ Kf8 69. Ke6 d2 70. Rd7 Ke8 71. Ra7 Kf8 72. Ra8+ Kg7
73. Rd8 Re1 74. Rd7+ Kg6 75. Rxd2 Rxe4+ 76. Kd5 Rg4 77. Re2 Kg5 78. Re5+ Kh4 79.
Re8 Rg5+ 80. Ke6 Rg4 81. Kf5 Rg5+ 82. Kf4 Rg4+ 83. Kf3 Rg3+ 84. Kf2 Rg4 85. Rh8+
Kg5 86. Kf3 Rf4+ 87. Ke3 Rg4 88. Rg8+ Kh4 89. Rf8 Rg3+ 90. Kf2 Rg4 91. Rf7 Kg5
92. Kf3 Ra4 93. Rg7+ Kf6 94. Rb7 Rc4 95. Ke3 Ra4 96. Rb5 Rc4 97. Rb6+ Ke5 98.
Ra6 Rh4 99. Kd3 Rh3+ 100. Kc4 Rh4+ 101. Kc5 Ke4 102. Ra8 Kd3 103. Ra3+ Kc2 104.
Ra2+ Kb3 105. Rg2 Rh5+ 106. Kd4 Rh4+ 107. Kd3 Rh3+ 108. Kd2 Rf3 109. Rg8 Kc4
110. Rc8+ Kd5 111. Ke2 Rh3 112. Rd8+ Ke6 113. Re8+ Kd7 114. Re4 Ra3 115. Rg4 Rb3
116. Kd2 Ra3 117. Rh4 Rg3 118. Kc2 Rf3 119. Rh7+ Ke6 120. Rh6+ Kd5 121. Rh5+ Kd6
122. Kd2 Rg3 123. Ke2 Ra3 124. Kf2 Rb3 125. Ra5 Rc3 1/2-1/2

[Event "Titled Tue 10th Jun Early"]
[Site "chess.com INT"]
[Date "2025.06.10"]
[Round "9"]
[White "Madi, Aidana"]
[Black "Levitan, Judah Nathan"]
[Result "1/2-1/2"]
[WhiteTitle "WFM"]
[BlackTitle "CM"]
[WhiteElo "1899"]
[BlackElo "2266"]
[WhiteFideId "13722689"]
[BlackFideId "14332639"]
[EventDate "2025.06.10"]

1. e4 c5 2. d4 cxd4 3. c3 dxc3 4. Nxc3 Nc6 5. Nf3 e6 6. Bc4 Bb4 7. O-O Nge7 8.
e5 O-O 9. Bf4 Ng6 10. Bg3 a6 11. h4 b5 12. Bd3 Be7 13. h5 Nh4 14. Ne4 Nf5 15. h6
g6 16. Bf4 Nb4 17. Bb1 Nd5 18. Bd2 Bb7 19. Nfg5 Rc8 20. Qg4 Rc4 21. b3 Rd4 22.
Nf3 Rxd2 23. Nfxd2 Nxh6 24. Qh3 Nf5 25. Nc3 Nf4 26. Qg4 Nxg2 27. Be4 Bxe4 28.
Ncxe4 Ngh4 29. Nf3 h5 30. Qh3 Nxf3+ 31. Qxf3 Qa8 32. Qe2 Rc8 33. Rfd1 Qb7 34.
Rac1 Rxc1 35. Rxc1 Nd4 36. Qd3 Nf5 37. Qc2 Kh7 38. Qd3 Ng7 39. Rd1 Nf5 40. Qc2
Qc6 41. Qxc6 dxc6 42. Rd7 Kg7 43. Ra7 Bc5 44. Rxa6 Bd4 45. Rxc6 Bxe5 46. Rb6 b4
47. Rxb4 Nd4 48. Rc4 Ne2+ 49. Kf1 Nf4 50. a4 Nd3 51. a5 Bb8 52. a6 Ne5 53. Ra4
Nc6 54. Nd6 Bxd6 55. a7 Nxa7 56. Rxa7 Kf6 57. Ra6 Bb4 58. Rb6 Bc5 59. Rc6 Bb4
60. Rc4 Bd6 61. b4 Ke7 62. b5 Kd7 63. b6 Bb8 64. b7 h4 65. Rc8 Ba7 66. Ra8 Kc7
67. Rxa7 Kb8 68. Ra4 g5 69. Rg4 f6 70. Kg2 Kxb7 71. Re4 e5 72. Rc4 Kb6 73. Kf3
Kb5 74. Rc8 f5 75. Re8 e4+ 76. Kg2 Kc5 77. Re5+ Kd4 78. Rxf5 g4 79. Rf4 h3+ 80.
Kg3 Kd3 81. Rxg4 Ke2 82. Rh4 e3 83. fxe3 Kxe3 84. Rxh3 Ke4 85. Kg2 Kf5 86. Rf3+
Kg4 87. Rd3 Kf5 88. Rd4 Kg5 89. Rb4 Kf5 90. Kf3 Kf6 91. Ke4 Kf7 92. Rb5 Ke6 93.
Kd4 Kf7 94. Re5 Kg6 95. Ke4 Kf7 96. Kf5 Kg7 97. Re6 Kf7 98. Rf6+ Kg7 99. Ra6 Kg8
100. Ra7 Kf8 101. Kf6 Ke8 102. Ke6 Kd8 103. Kd6 Ke8 104. Rd7 Kf8 105. Re7 Kg8
106. Ke6 Kh8 107. Kf6 Kg8 108. Rf7 Kh8 109. Rd7 Kg8 110. Rf7 Kh8 111. Kg6 Kg8
112. Kf6 1/2-1/2

[Event "Titled Tue 10th Jun Early"]
[Site "chess.com INT"]
[Date "2025.06.10"]
[Round "9"]
[White "Zepeda Berlanga, Jan Enrique"]
[Black "Guliev, Gasan"]
[Result "1/2-1/2"]
[WhiteTitle "CM"]
[BlackTitle "CM"]
[WhiteElo "1984"]
[BlackElo "2123"]
[WhiteFideId "5132355"]
[BlackFideId "34165638"]
[EventDate "2025.06.10"]

1. e4 e5 2. Nf3 Nc6 3. Bc4 Nf6 4. d3 Bc5 5. Nc3 h6 6. O-O d6 7. Na4 Bb6 8. a3
O-O 9. b4 Bg4 10. c3 d5 11. Nxb6 axb6 12. exd5 Nxd5 13. Bd2 Kh8 14. Re1 Qd6 15.
Qe2 Rae8 16. Qe4 Nf6 17. Qe3 e4 18. Nd4 Nxd4 19. cxd4 exd3 20. Qxd3 Rd8 21. Bc3
Nd5 22. h3 Be6 23. Rad1 Nxc3 24. Qxc3 Bxc4 25. Qxc4 c6 26. Re4 Qd5 27. Qxd5 Rxd5
28. Re7 Kg8 29. Rxb7 b5 30. Rc1 Rc8 31. Rb6 Rxd4 32. Rbxc6 Ra8 33. Rc8+ Rxc8 34.
Rxc8+ Kh7 35. Rb8 Rd3 36. Rxb5 Rxa3 37. Rb7 Rb3 38. Kh2 f6 39. f3 Kg6 40. Kg3 h5
41. b5 Rb4 42. h4 Kh6 43. b6 Kg6 44. Rb8 Rb2 45. b7 Kh7 46. f4 Rb3+ 47. Kf2 f5
48. g3 g6 49. Ke2 Kg7 50. Kd2 Rb1 51. Kc2 Rb6 52. Kc3 Kh7 53. Kc4 Rb1 54. Kc5
Rc1+ 55. Kd5 Rd1+ 56. Ke6 Re1+ 57. Kf6 Rb1 58. Kg5 Kg7 59. Rc8 Rxb7 60. Rc6 Rb3
61. Rxg6+ Kf7 62. Rf6+ Kg7 63. Rxf5 Rxg3+ 64. Kxh5 Kh7 65. Rg5 Rf3 66. f5 Rf2
67. Rg6 Rxf5+ 68. Rg5 Rf3 69. Kg4 Rf2 70. Kg3 Rf1 71. Kg4 Rg1+ 72. Kf5 Rh1 73.
Kg4 Rc1 74. Kh5 Rc4 75. Rg4 Rc5+ 76. Rg5 Rc7 77. Kg4 Kh6 78. Rf5 Kg6 79. Rf4 Rc5
80. Rd4 Rc6 81. Rd5 Rc4+ 82. Kg3 Rb4 83. Rg5+ Kh6 84. Rg4 Rb3+ 85. Kf4 Rb1 86.
Kf5 Rf1+ 87. Rf4 Rg1 88. Rg4 Rf1+ 89. Rf4 Re1 90. Re4 Rd1 91. Kf4 Kh5 92. Re6
Rd4+ 93. Re4 Rd2 94. Re8 Rf2+ 95. Kg3 Rb2 96. Rh8+ Kg6 97. h5+ Kg5 98. h6 Kg6
99. h7 Kg7 100. Rg8+ Kxh7 101. Rg4 Kh6 102. Kf4 Rb4+ 103. Kf5 Rb5+ 104. Kf4 Rb6
105. Rh4+ Kg6 106. Rg4+ Kf6 107. Kg3 Rb3+ 108. Kh4 Rc3 109. Rf4+ Kg6 110. Rg4+
Kf5 111. Rg5+ Kf6 112. Rg3 Rxg3 113. Kxg3 1/2-1/2